[Event "Dyfed Open"]
[Site "Fishguard"]
[Date "2017.02.24"]
[Round "1"]
[White "Miles, Richard"]
[Black "Jansen van Rensburg, Leon"]
[Result "1-0"]
[WhiteElo "1983"]
[BlackElo "1700"]
[Annotator "Rudy"]
[PlyCount "57"]
[EventDate "2017.02.24"]
[EventType "swiss"]
[EventRounds "5"]
[EventCountry "WLS"]

1. d4 Nf6 2. c4 g6 3. Nc3 Bg7 4. e4 d6 5. Be2 O-O 6. Nf3 Re8 7. O-O Nbd7 8. Qc2
(8. e5 dxe5 9. dxe5 Ng4 10. e6 {sharpest, hems in the Bl pieces}) 8... e5 9. d5
h5 {rare} (9... a5) (9... Nh5) 10. Bg5 Nf8 11. b4 N8h7 12. Bd2 Ng4 (12... Rf8
13. c5 Ne8 14. Ne1 f5 15. f3 f4 {Drozdov-Klabis, LTU ch tm 2013,0-1}) (12... c6
{Cloud Engines, not yet played}) 13. h3 f5 $6 {dubious attack} (13... Ngf6 14.
c5 $16) 14. hxg4 fxg4 15. Nh2 $18 Qh4 {Bl is only 'attacking' with a Q against
several pieces lying in defence} 16. g3 (16. Nb5 $18 {Komodo10. just getting
on with the real attack on the Q side}) 16... Qf6 17. f3 $1 gxf3 18. Nxf3 Qe7
19. Kg2 (19. Nh4) 19... Bf6 20. Rh1 Bg4 21. Raf1 {Wh takes over the K side
attack} h4 $6 {helps Wh in opening lines} 22. Nxh4 Bxe2 23. Nxe2 g5 24. Nf5 Qd7
25. Rh5 Rf8 26. Rfh1 Rf7 27. Nh6+ Kf8 28. Nxf7 Qxf7 29. Rxh7 1-0

[Event "Dyfed Open"]
[Site "Fishguard"]
[Date "2017.02.24"]
[Round "1"]
[White "Miller, John S"]
[Black "Waterfield, John W"]
[Result "0-1"]
[WhiteElo "1651"]
[BlackElo "1968"]
[Annotator "Rudy"]
[PlyCount "66"]
[EventDate "2017.02.24"]
[EventType "swiss"]
[EventRounds "5"]
[EventCountry "WLS"]

1. d4 Nf6 2. Nf3 c5 3. c3 (3. d5 {main}) 3... g6 4. Bf4 Bg7 5. e3 O-O 6. Nbd2
d6 7. Be2 Be6 (7... Nc6) 8. h3 Nc6 9. e4 (9. O-O {develop before committal
pawn moves?}) 9... cxd4 10. cxd4 d5 11. e5 Ne4 12. O-O $2 f6 (12... Qb6 13. Qa4
Bd7 14. Bb5 Rfd8 15. Rac1 Nxd2 16. Bxd2 Nxe5 17. Bxd7 Nxd7 $15 {Vestly-Akesson,
Vienna op 2013,0-1}) 13. exf6 Bxf6 (13... exf6 $5) 14. Bh6 Re8 15. Nb3 Qb6 16.
Be3 a5 17. a4 Rac8 18. Bb5 $11 Red8 19. Rc1 Na7 20. Rxc8 (20. Bd3 Rxc1 21. Bxc1
Nc6 22. Bb5 $11 {Komodo10}) (20. Nc5 Nxb5 21. axb5 Nxc5 22. dxc5 Qxb5 23. Bd4
Qb4 24. Re1 Bf5 25. b3 Be4 26. Bxf6 exf6 27. Nd4 $11 {Komodo10} Rxc5 28. Rxc5
Qxc5 29. Ne6 $18) 20... Rxc8 21. Bd3 $11 Bd7 (21... Qb4 22. Nfd2 Nxd2 23. Bxd2
Qxa4 24. Bxa5 $11 {Komodo10}) 22. Bxe4 dxe4 23. Nfd2 (23. Nc5 Bc6 24. Ng5 Qxb2
25. Ngxe4 Qa2 26. Qg4 $16 {Komodo10}) 23... Bxa4 24. d5 Qb4 (24... Qb5 25. Bxa7
Qxd5 26. Be3 Rc6 $11 {Bl gets pawns for the piece while Wh's pieces are in
passive positions ; Komodo10}) 25. Bxa7 b6 26. Qe2 (26. Qg4 $1 Rc2 27. Qe6+ Kg7
28. Nxe4 Bxb3 29. Nxf6 exf6 30. Qd7+ Kh6 31. Qd8 Kg7 32. Bxb6 Bxd5 33. Rd1 Bf7
34. Bd4 Rc6 35. Bc3 $14 {Komodo10}) 26... Bxb3 27. Nxb3 Qxb3 $15 28. Qxe4 Rc2 (
28... Rd8 29. Qe6+ Kg7 30. Qxb6 Qxd5 $15 {Komodo10}) 29. Qe6+ (29. Bxb6 a4 30.
Bd8 $14 {Komodo10}) 29... Kg7 30. Bxb6 Qb4 (30... a4 31. Bd4 Bxd4 32. Qxe7+ Kg8
(32... Kh6 33. Qh4+ Kg7 34. Qxd4+ Kg8 35. d6 Qxb2 36. Qd5+ Kg7 37. d7 $18) 33.
Qe8+ $11 {Komodo10}) 31. Qe3 $11 (31. b3 Qxb3 32. Bxa5 $11) 31... a4 32. Qd3 (
32. g4 h6 33. Rd1 Qxb2 34. d6 exd6 35. Rxd6 $11 Qc1+ {to protect the Bl K} 36.
Qxc1 Rxc1+ 37. Kg2 Kf7 (37... h5 38. Rd7+ Kf8 39. Ra7 Rc4 40. Kf3 $11) 38. Be3
Rc4 39. Bxh6 $11 {Komodo10}) 32... Rxb2 $19 33. Qe3 $2 Qxb6 0-1

[Event "Dyfed Open"]
[Site "Fishguard"]
[Date "2017.02.24"]
[Round "1"]
[White "Spencer, Douglas"]
[Black "Cooke, Mark"]
[Result "1-0"]
[WhiteElo "1962"]
[BlackElo "1644"]
[Annotator "Rudy"]
[PlyCount "155"]
[EventDate "2017.02.24"]
[EventType "swiss"]
[EventRounds "5"]
[EventCountry "WLS"]

1. d4 Nf6 2. Nf3 c6 3. c4 d6 4. Nc3 g6 5. e4 Qa5 {rare} (5... Bg7 6. Be2 O-O {
main King's Indian}) 6. Bd2 (6. a3 Nxe4 7. b4 Nxc3 8. bxa5 Nxd1 9. Kxd1 {
Sabourin-Laurin, Gatineau Maisonneuve mem 2008,0-1}) 6... Bg4 (6... Bg7) 7. Nd5
(7. Be2 Bg7 8. O-O O-O 9. Be3 {back to more usual positions}) 7... Qd8 8. Nxf6+
exf6 9. h3 Bxf3 10. Qxf3 $14 Bg7 11. Be2 Nd7 12. Qg3 Qe7 13. O-O O-O 14. Bd3 b6
(14... f5 15. exf5 Bxd4 16. Rae1 Qd8 17. Bh6 Be5 18. f4 Bg7 19. Bxg7 Kxg7 20.
fxg6 fxg6 21. Kh1 $16 {Komodo10}) 15. Bf4 $18 Qd8 16. Bxd6 Re8 17. Bc7 Qc8 18.
Bf4 Nf8 (18... f5 $5) 19. Be3 Qd7 20. Rad1 Rad8 21. Bc2 (21. b4) 21... Qb7 22.
b3 Qe7 23. Rfe1 Rd7 24. f4 (24. d5 $1 {gets a protected passed pawn}) 24... Qa3
25. Bb1 Ne6 26. Qf2 (26. d5) 26... Red8 27. g4 (27. d5 $1) (27. f5) 27... g5 {
gets a bit of play} 28. f5 (28. fxg5 fxg5 29. d5) 28... Nf4 29. Bxf4 gxf4 30.
d5 Bf8 31. Qxf4 Qb2 {Wh has a bad B, while Bl has a lot of activity on the bl
squares} (31... Bd6 32. Qc1 Qc5+ 33. Kg2 Be5 $16 {but there are great
difficulties for Wh to get active pieces}) 32. Qh2 (32. e5 $18 {Komodo10} fxe5
33. Qg5+ Kh8 34. f6 cxd5 35. Bxh7 $1 Kxh7 36. Qh5+ Kg8 37. Rxe5 Qxe5 38. Qxe5
dxc4 39. Rxd7 Rxd7 40. Qg5+ Kh8 41. bxc4 $18) 32... Qc3 33. Qg2 Bc5+ 34. Kh1
Re7 35. Rf1 (35. dxc6 $18) 35... cxd5 36. Rf3 Qe5 37. Qh2 (37. cxd5) 37... d4
38. Qxe5 fxe5 $14 (38... Rxe5 $14) 39. f6 Re6 40. Bd3 h6 41. Rf5 Kh7 42. Rg1
Rg8 43. h4 Rg6 44. g5 $16 Bd6 (44... Rg8 45. Rg3 h5 46. Be2 Kg6 47. Bf1 Kh7 48.
Bh3 Rc6 49. Rf1 Rd8 50. Rd3 Bd6 51. Bf5+ Kg8 $16 {but its not clear where
there will be a Wh breakthrough}) 45. Rg3 $18 (45. Be2 $18) 45... Re8 46. Be2
Rf8 47. Bh5 Rgg8 48. Kg2 Bc5 49. Rff3 (49. Kf3) 49... a5 50. a4 Bb4 51. Rf5 Bc5
52. Rff3 (52. Rgf3) 52... Bb4 53. Rf5 Bd6 54. Kf1 Bc5 55. Rf2 (55. Rg2) 55...
Bd6 56. Ke2 Kh8 {Bl should keep the K on h7 to prevent a g6 break} 57. Rgg2 (
57. g6 $18) 57... Bc5 58. Kd3 Bb4 59. Rf5 (59. g6 $18) 59... Bd6 60. Rg4 (60.
g6 $1 $18) 60... Kh7 61. Rf1 Bb4 62. Rg2 Bd6 63. Bg4 Bb4 (63... Rg6 64. Bf5 $2
h5 65. Bxg6+ Kxg6 {& its not clear if there is a way in for Wh; Komodo10}) 64.
Bf5+ Kh8 65. g6 $18 {a break through} fxg6 66. Be6 (66. Bxg6 Rf7 67. Rff2 Rc7
68. f7 {should also win}) 66... Kh7 67. Bxg8+ Rxg8 68. f7 Rf8 69. h5 g5 (69...
gxh5 70. Rf5 Bd6 71. Rh2 Kg6 72. Rhxh5 Rxf7 73. Rxh6+ Kxh6 74. Rxf7 Kg5 75. Rb7
Bc5 76. Rc7 Kf4 77. Rg7 Kf3 78. Rg6 Kf4 79. Re6 {zugzwang; Komodo10 nudged})
70. Rgf2 Kg7 71. Rf6 Be7 (71... Bc5 72. Rg6+ Kh7 73. Rff6 {zugzwang}) 72. Rg6+
Kh7 73. Rxb6 Kg7 74. Re6 Rxf7 75. Rxf7+ Kxf7 76. Rxe5 g4 77. Rf5+ Bf6 78. e5
1-0

[Event "Dyfed Open"]
[Site "Fishguard"]
[Date "2017.02.24"]
[Round "1"]
[White "Francis, Matthew"]
[Black "Van Kemenade, Rudy"]
[Result "1/2-1/2"]
[WhiteElo "1634"]
[BlackElo "1947"]
[Annotator "Rudy"]
[PlyCount "65"]
[EventDate "2017.02.24"]
[EventType "swiss"]
[EventRounds "5"]
[EventCountry "WLS"]

1. e4 d6 2. d3 g6 3. g3 Bg7 4. Bg2 e5 5. Nc3 f5 6. f4 (6. Nh3 Nf6 7. f4 exf4 8.
Nxf4 fxe4 9. Nxe4 O-O 10. O-O $11 {Rolli-Joacim, Baden ch, Ladenburg 1992,1-0})
6... exf4 7. Bxf4 (7. exf5 fxg3 8. hxg3 Qe7+ 9. Qe2 Qxe2+ 10. Ngxe2 gxf5 11.
Bd2 c6 12. O-O-O $14 {Komodo10}) 7... fxe4 8. Bxe4 (8. Qe2 $11 {Komodo10}) 8...
Nf6 9. Bg2 O-O 10. Nge2 Nh5 11. O-O (11. Be3 {Rudy} c6 12. Qd2 Bg4 13. O-O-O
Bxc3 14. bxc3 Qa5 15. Kb1 $11 {Komodo10}) 11... Nxf4 12. Nxf4 c6 $15 13. d4 Qb6
14. Nce2 Qxb2 (14... d5 $15) 15. a4 (15. Qd3 {Komodo10} Bf5 16. Be4 (16. Qe3
Nd7 $19 {Rudy}) 16... Bxe4 17. Qxe4 Na6 18. Rab1 Rae8 19. Qd3 Qxa2 20. Rxb7 c5
$11 {Komodo10}) 15... Bf5 $6 {weakens e6 for N entry} (15... Qb6 {first idea}
16. Rb1 Qc7 17. d5 Qe7 18. Qd2 c5 $15 {Komodo10}) (15... d5 $1 {Komodo10} 16.
Rb1 Qa3 17. c4 dxc4 18. Qc2 Kh8 19. Qxc4 Nd7 $15) 16. Rb1 Qxc2 17. Qxc2 Bxc2
18. Rxb7 Re8 $11 (18... Bf5) (18... Bxa4 {originally intended} 19. Ne6 $18 (19.
Rxg7+ $1 {Matthew & Komodo10} Kxg7 20. Ne6+ Kh6 (20... Kg8 21. Rxf8#) 21. Rxf8
$18)) 19. d5 Be5 (19... c5 $1 {Komodo10} 20. Ne6 (20. Bh3 Na6 21. Ne6 Bh8 22.
Rff7 Nb4 23. N2f4 Be5 24. Rxh7 g5 25. Nxg5 Bxh7 26. Nxh7 Bxf4 27. Nf6+ Kf8 28.
Nh7+ $11) 20... Bh8 21. Rff7 (21. Nc7 Re7 22. Ne6 Nd7 $15 {Komodo10}) 21... a5
22. Rxh7 Na6 $11 {Komodo10}) (19... Bf5 20. dxc6 Na6 $14 {Komodo10}) (19... Na6
{Komodo10} 20. Ne6 Be5 21. dxc6 Rxe6 22. Bd5 Nc5 23. c7 Nxb7 24. Bxe6+ Kh8 25.
Rc1 Bxa4 26. Bd5 Bd7 27. Bxb7 Re8 28. c8=Q Bxc8 29. Bxc8 $16) 20. dxc6 $18 Bf5
(20... Na6 21. Bd5+ Kh8 22. Ne6 Nc5 (22... Rxe6 23. Bxe6 Nc5 24. Bd5 Nxb7 25.
cxb7 Rb8 26. Rf7 $18) 23. Nc7 (23. Ng5) 23... Nxb7 24. cxb7 Rad8 25. Nxe8 Rxe8
26. Rf7 $18 {Komodo10}) 21. Nd5 {after a longish think} (21. g4 $1 Bxg4 22.
Bd5+ Kh8 23. Nxg6+ hxg6 24. Rff7 Nd7 25. cxd7 Red8 26. Rb4 Bxe2 27. Bxa8 Rxa8
28. Re7 Rg8 29. Re8 Bf6 30. Rxe2 $18 {Komodo10}) (21. c7 Na6 22. Bc6 Rec8 23.
Nd5 $18 {Komodo10}) 21... Nxc6 {only chance} 22. Nc7 Nd4 23. Nxd4 (23. Nf4 {
Rudy, makes life more difficult for Bl}) 23... Bxd4+ 24. Kh1 Rac8 25. Nxe8 Rxe8
26. h3 (26. Bd5+ Kh8 27. h3 $16) 26... h5 (26... Re5 27. g4 Be6 28. Rd1 Bc5 29.
a5 h5 30. Bf3 $16 {Komodo10}) 27. Rd1 (27. Bd5+ Kh8 28. g4 $18 {Komodo10 & pm
analysis} hxg4 29. hxg4 Bxg4 30. Rff7 $18) 27... Bc5 $14 28. Rf1 Re3 (28... Re5
) 29. Bd5+ (29. g4 $1 {Komodo10} hxg4 30. Bd5+ Be6 (30... Kh8 31. hxg4 Re5 32.
gxf5 Rxd5 33. f6 $18)) 29... Kh8 30. Kh2 (30. Bg2 Rxg3 31. Re1 Re3 32. Rxe3
Bxe3 33. Bc6 Bc5 $14) 30... Re2+ 31. Kh1 Re3 32. Kh2 Re2+ 33. Kh1 {and Bl
claimed the draw, because Re3 repeates the position 3 times} 1/2-1/2

[Event "Dyfed Open"]
[Site "Fishguard"]
[Date "2017.02.24"]
[Round "1"]
[White "Taylor, Robert Graham"]
[Black "Orton, Paul"]
[Result "1-0"]
[WhiteElo "1930"]
[BlackElo "1617"]
[Annotator "Rudy"]
[PlyCount "89"]
[EventDate "2017.02.24"]
[EventType "swiss"]
[EventRounds "5"]
[EventCountry "WLS"]

1. c4 e5 2. Nc3 Nf6 3. g3 d5 4. cxd5 Nxd5 5. Bg2 Be6 6. d3 c6 7. Nf3 Nd7 (7...
f6) 8. O-O Be7 9. a3 O-O 10. Bd2 a5 $146 (10... f5 {main}) 11. Qc2 Qc7 12. Ng5
(12. Nxd5 Bxd5 13. e4 Be6 14. d4 $14 {Komodo10}) 12... Rac8 {why allow doubled
pawns} (12... Nxc3 13. bxc3 Bf5 $11 {Komodo10} (13... Bxg5 $11 {Stockfish8})) (
12... Bxg5 13. Bxg5 h6 14. Bd2 Rfc8 $11 {Komodo10}) 13. Nxe6 fxe6 $16 14. Bh3 {
Stockfish8} (14. Ne4 {Komodo10}) 14... Rf6 15. Rac1 Nc5 (15... Nxc3 16. Qxc3
Ra8 17. Bg5 Rf7 18. Be3 Nf8 19. Bg2 $16 {Komodo10}) 16. Ne4 $18 (16. Nxd5 cxd5
17. b4 axb4 18. axb4 Na6 19. Qa4 Qd8 20. Rxc8 Qxc8 21. Rc1 Nc7 22. Bg5 Rf7 23.
Rxc7 Qxc7 24. Bxe6 Bf8 25. Bxd5 $18 {Komodo10}) 16... Nxe4 17. dxe4 Nb6 18.
Bxa5 $18 Ra8 19. Bd2 {both Engines} Bd6 20. Be3 Nd7 21. Rcd1 Nf8 22. Rd3 Rf7
23. Rfd1 Rd8 (23... Be7 24. Bxe6 Nxe6 25. Rd7 Qc8 26. Qc4 $18 {Komodo10}) 24.
Qb3 (24. Bg5 Rdd7 25. Qd2 $18 Bc5 26. Rxd7 Nxd7 27. Bxe6 $18 {Komodo10, the e6
pawn keeps dropping off}) 24... Qe7 25. Qc3 (25. Bc5 $18 {both Engines}) 25...
Qc7 26. Qd2 Rfd7 27. Qc3 (27. Bg5 $18 Be7 28. Rxd7 Rxd7 29. Qxd7 Nxd7 30. Bxe6+
Kf8 31. Bxe7+ Kxe7 32. Rxd7+ Qxd7 33. Bxd7 Kxd7 {Komodo10, winning pawn endgame
}) 27... h6 28. Qb3 Re8 29. Bb6 Qb8 30. Qc2 Bc7 31. Bc5 (31. Rxd7 Nxd7 32. Rxd7
Bxb6 33. Qb3 $18 {Komodo10}) 31... Rxd3 32. Rxd3 Qc8 33. Qd2 b6 34. Be3 Kh7 35.
Qc1 Bd8 36. f4 exf4 37. gxf4 Re7 38. Qd1 Bc7 39. f5 (39. e5 $18 {both Engines})
39... Be5 (39... Qe8 $11 {Komodo10} 40. Qc1 exf5 41. Bxf5+ (41. exf5 c5 42. Bg2
Nd7 43. Bc6 Qh5 44. Rxd7 Qxh2+ 45. Kf1 Qh3+ 46. Ke1 Rxe3 47. Qc2 Bg3+ 48. Kd2
Bf4 49. Ke1 Qh4+ 50. Kf1 Qf6 $15 {Komodo10}) 41... g6 42. Bg4 Rf7 $11) 40. Rd8
Qc7 (40... Rd7 41. Rxc8 Rxd1+ 42. Kg2 exf5 (42... Bd6 43. e5 $18) (42... Nd7
43. fxe6 Nf6 44. e7 $18) 43. Rxf8 fxe4 44. b4 $18 {Komodo10}) 41. Rxf8 Rd7 42.
Qf1 Bxh2+ 43. Kh1 Qg3 44. fxe6 Re7 45. Bf4 (45. Rh8+ $1 {both Engines} Kxh8 (
45... Kg6 46. Qf5#) 46. Qf8+ Kh7 47. Bf5+ g6 48. Qxe7+ Kg8 49. Qf7+ Kh8 50.
Bd4+ Qe5 51. Bxg6 Qxd4 52. Qf8#) 1-0

[Event "Dyfed Open"]
[Site "Fishguard"]
[Date "2017.02.24"]
[Round "1"]
[White "Di-Vetta, Andrew"]
[Black "Ehsander, Peter"]
[Result "0-1"]
[WhiteElo "1604"]
[BlackElo "1928"]
[Annotator "Rudy"]
[PlyCount "77"]
[EventDate "2017.02.24"]
[EventType "swiss"]
[EventRounds "5"]
[EventCountry "WLS"]

1. c4 Nf6 2. g3 e6 3. Bg2 d5 4. cxd5 exd5 5. Nf3 Be7 6. d3 O-O 7. O-O Bg4 (7...
c5) (7... c6) 8. Nbd2 $146 (8. Nc3) (8. h3) (8. Bf4) 8... c6 9. Ne5 Be6 10. b3
Nbd7 11. Ndf3 Nb6 {not sure where the N is going} (11... Nxe5 12. Nxe5 Nd7 $11)
12. Bb2 Bd6 13. Ng5 Bc8 14. Qd2 (14. Nexf7 Rxf7 15. Nxf7 Kxf7 16. e4 $14 {
Komodo10}) 14... Qe7 15. f4 Bc5+ 16. d4 Bb4 17. Qd3 h6 18. a3 Bd6 19. Nh3 Re8
$15 20. Nf2 Be6 (20... Ne4 $15 21. Nxe4 Bf5) 21. Rfe1 Rad8 22. e3 (22. e4 Nxe4
23. Nxe4 Bf5 24. Nxf7 dxe4 25. Nxd6 Rxd6 26. Qc2 Qd7 $15 {Komodo10}) 22... Qc7
23. a4 a6 24. Ba3 Bxa3 25. Rxa3 Nc8 26. f5 Bd7 27. e4 (27. g4 $11) 27... dxe4
28. Nxe4 Nxe4 29. Bxe4 Nd6 $17 {the Wh pieces are scatterred} 30. Nf3 (30. Nxd7
Qxd7 31. Raa1 Nxe4 32. Rxe4 Rxe4 33. Qxe4 Qxd4+ 34. Qxd4 Rxd4 $17 {Komodo10})
30... Rxe4 $19 31. Rxe4 Bxf5 32. Nd2 Nxe4 33. Nxe4 Qe7 34. Ra2 Qxe4 35. Qxe4
Bxe4 36. Kf2 Rxd4 37. Ke3 Rb4 38. Rd2 Bd5 39. Kd3 0-1

[Event "Dyfed Open"]
[Site "Fishguard"]
[Date "2017.02.24"]
[Round "1"]
[White "May, Adam J"]
[Black "Probert, Malcolm"]
[Result "1-0"]
[WhiteElo "1922"]
[BlackElo "1598"]
[Annotator "Rudy"]
[PlyCount "45"]
[EventDate "2017.02.24"]
[EventType "swiss"]
[EventRounds "5"]
[EventCountry "WLS"]

1. c4 c5 2. g3 g6 3. Bg2 Bg7 4. Nc3 Nc6 5. Nf3 e6 6. d3 Nge7 7. Bg5 O-O (7...
h6) (7... d5) 8. Qd2 Re8 (8... d5) 9. h4 (9. Ne4 {played}) 9... h5 10. Ne4 $18
Qa5 11. Qxa5 Nxa5 12. Nd6 f6 (12... Kf8) 13. Nxe8 (13. Bd2) 13... fxg5 14. Nxg7
Kxg7 15. hxg5 (15. Nxg5) 15... d5 16. Ne5 Rb8 17. O-O-O b6 18. g4 hxg4 19. Rh2
(19. Rh6) 19... Bb7 20. Rdh1 Rg8 21. Rh7+ Kf8 22. Nd7+ (22. Rf7+ Ke8 23. Rhh7)
22... Ke8 23. Nf6+ 1-0

[Event "Dyfed Open"]
[Site "Fishguard"]
[Date "2017.02.24"]
[Round "1"]
[White "Jones, Dewi"]
[Black "Bevan, Peter M"]
[Result "0-1"]
[WhiteElo "1534"]
[BlackElo "1917"]
[Annotator "Rudy"]
[PlyCount "42"]
[EventDate "2017.02.24"]
[EventType "swiss"]
[EventRounds "5"]
[EventCountry "WLS"]

1. Nf3 d5 2. g3 c6 3. Bg2 Nf6 4. O-O Bg4 5. d3 Nbd7 6. Nbd2 e6 (6... e5) 7. Qe1
(7. e4 {main}) 7... Bb4 {rare} (7... Be7) (7... Bd6) (7... Bc5) 8. e4 (8. a3) (
8. c3 {played}) 8... Qc7 9. c3 Bd6 10. d4 Nxe4 11. Nxe4 dxe4 12. Qxe4 Nf6 13.
Qe3 (13. Qe2) 13... Nd5 (13... O-O 14. h3 Bh5 15. Ne5 $11 {Komodo10}) 14. Qg5
f5 (14... Bxf3 15. Qxg7 O-O-O 16. Bxf3 $16 {Komodo10}) 15. Re1 (15. c4 Nf6 16.
c5 Bf8 17. Bf4 Qc8 18. Rfe1 $16 {Komodo1`0}) 15... Kf7 (15... O-O 16. Ne5 Be7
17. Qd2 Bh5 $14 {Komodo10}) 16. Ne5+ (16. c4 Be7 17. Qd2 Bxf3 18. Bxf3 Nf6 19.
Qc3 $16 {Komodo10}) 16... Bxe5 17. Rxe5 h6 18. Qd2 Rad8 (18... Rhe8) 19. h3 Bh5
20. c4 Nf6 21. d5 $2 (21. Qc3 Rhe8 22. Bd2 Kg8 23. Rae1 $16) 21... Qxe5 $19 0-1

[Event "Dyfed Open"]
[Site "Fishguard"]
[Date "2017.02.24"]
[Round "1"]
[White "Mort, Andrew J"]
[Black "Leah, Howard"]
[Result "1-0"]
[WhiteElo "1885"]
[BlackElo "1518"]
[Annotator "Rudy"]
[PlyCount "99"]
[EventDate "2017.02.24"]
[EventType "swiss"]
[EventRounds "5"]
[EventCountry "WLS"]

1. c4 Nf6 2. g3 e5 3. Bg2 c6 (3... d5) 4. d4 exd4 5. Qxd4 d5 6. cxd5 cxd5 7.
Nf3 Nc6 8. Qd1 (8. Qa4 {main}) 8... Qb6 $146 (8... Bc5) (8... Be7) 9. O-O h6
10. Nc3 Be6 11. b3 Be7 12. Bb2 O-O 13. Rc1 Rac8 (13... a6 14. Na4 Qd8 15. Nd4
Rc8 {Asendorf-Knaak, Hamburg Junge 2005,1/2-1/2}) 14. Na4 (14. Qd3 Rfd8 15.
Rfd1 $11 {Khotenashvili-Huang, China Elite Blitz women Huwaian 2016,1-0}) 14...
Qd8 15. Nc5 Bxc5 16. Rxc5 Ne4 17. Rc1 Qe7 18. Nd4 $14 Nf6 19. Qd2 $16 Bg4 20.
Nxc6 bxc6 21. Rfe1 Bf5 22. Qd4 (22. Bd4 $16) 22... Rfe8 23. Qf4 (23. Rc5 $16)
23... Qe6 24. Bxf6 (24. Qa4 $14) 24... Qxf6 25. g4 Be4 (25... Bd7 $11) 26. Qxf6
gxf6 27. Rc5 $14 Bd3 28. e3 (28. Kf1) 28... Be4 29. Rec1 $16 f5 30. gxf5 (30.
Bxe4 Rxe4 31. gxf5 $18 {Komodo10}) 30... Bxg2 (30... Bxf5) 31. Kxg2 $18 Re5 32.
Rxc6 Rxc6 33. Rxc6 Rxf5 34. Rxh6 d4 35. exd4 Rd5 36. Ra6 Rxd4 37. Rxa7 Rd3 38.
b4 Kf8 39. a4 Ke8 40. b5 Rb3 41. Rb7 Ra3 42. Ra7 (42. b6 Rxa4 43. Ra7 Rb4 44.
b7 $18 {Komodo10}) 42... f5 43. b6 Kd8 44. a5 (44. Ra8+ Kd7 45. b7) 44... Kc8
45. h4 Ra4 46. h5 Rh4 47. a6 Kb8 48. Rb7+ Ka8 49. Rg7 f4 50. Rg8# 1-0

[Event "Dyfed Open"]
[Site "Fishguard"]
[Date "2017.02.24"]
[Round "1"]
[White "Horrell, Stephen A"]
[Black "Greatorex, Roger"]
[Result "0-1"]
[WhiteElo "1461"]
[BlackElo "1820"]
[Annotator "Rudy"]
[PlyCount "76"]
[EventDate "2017.02.24"]
[EventType "swiss"]
[EventRounds "5"]
[EventCountry "WLS"]

1. e4 d5 2. exd5 Qxd5 3. Nc3 Qa5 4. d4 Nf6 5. Be2 (5. Nf3) (5. Bc4) 5... Bf5 6.
Bd2 c6 7. Nf3 e6 8. Ne4 (8. O-O {back to main}) 8... Qd8 9. Nxf6+ (9. Ng3) 9...
gxf6 (9... Qxf6) 10. Nh4 $146 (10. O-O) (10. Bf4) 10... Bg6 11. Nxg6 hxg6 12.
Be3 (12. c3) 12... Qd6 13. h3 Qb4+ 14. Qd2 (14. c3 Qxb2 15. O-O $16 {Komodo10})
14... Qxb2 15. O-O $14 Bb4 16. Rab1 (16. Qd1 Qa3 17. c4 $14 {Komodo10}) 16...
Qxb1 $17 17. Rxb1 Bxd2 18. Bxd2 b6 $19 19. Bb4 Kd7 20. c4 a5 21. Bc3 Kc7 22. f4
Re8 23. Bf3 Nd7 24. d5 $1 e5 25. dxc6 Nc5 26. fxe5 fxe5 27. Bd5 Re7 (27... f6)
28. Be1 Rh8 29. Bf2 f5 30. Bxc5 bxc5 31. Rb5 (31. Rb7+ Kd6 $19) 31... e4 32.
Kf1 Rb8 33. Rxa5 Rb2 34. Ra7+ Kd6 35. Ra8 e3 (35... Ke5) 36. Rd8+ Kc7 37. Rd7+
Rxd7 38. cxd7 Kxd7 0-1

[Event "Dyfed Open"]
[Site "Fishguard"]
[Date "2017.02.25"]
[Round "2"]
[White "Waterfield, John W"]
[Black "Strugnell, Carl"]
[Result "0-1"]
[WhiteElo "1968"]
[BlackElo "2255"]
[PlyCount "44"]
[EventDate "2017.02.24"]
[EventType "swiss"]
[EventRounds "5"]
[EventCountry "WLS"]

1. e4 e6 2. d4 d5 3. Nd2 Nf6 4. Bd3 (4. e5) 4... c5 5. c3 cxd4 6. cxd4 dxe4 7.
Nxe4 Bd7 (7... Be7 {main}) 8. Nf3 Nxe4 9. Bxe4 Bc6 10. Qd3 {scores 0% from 2
games} (10. Bxc6+ {scores 17% from 9 games}) 10... Bb4+ 11. Bd2 Bxe4 12. Qxe4
Bxd2+ 13. Nxd2 Nc6 14. Nb3 Qb6 $15 (14... O-O 15. O-O Qf6 16. Nc5 Qxd4 17. Qxd4
Nxd4 18. Rfd1 (18. Rad1 e5 $17 {Asgarizadeh-Darini,IRI ch Tabriz 2013,0-1})
18... e5 $17 {Feuerstack-Vallejo Pons, Bundesliga 2012,0-1}) 15. O-O Rd8 16.
Rfd1 Qb4 (16... Rd5 {Komodo10.1 & Deep Hiarcs14}) 17. Rd3 Rd5 18. Rad1 (18. a3
Qd6 $17 {Komodo10.1}) (18. Rh3 h5 19. Rd1 O-O $17 {Deep Hiarcs14}) 18... O-O
19. Nc5 $2 Rfd8 (19... Rxc5 $19) 20. a3 Qxb2 21. Rh3 h6 22. Nxe6 (22. Na4 Rxd4
23. Qxd4 Qxd4 24. Rxd4 Rxd4 $19 {Komodo10.1 & Deep Hiarcs14}) 22... Nxd4 $1 $19
{backrank} (22... fxe6 23. Qxe6+ Kh8 $19 {not as strong}) 0-1